| 000 | 00474nam a2200169Ia 4500 | ||
|---|---|---|---|
| 008 | 220803s9999 xx 000 0 und d | ||
| 020 | _a978-1-84854-620-2 | ||
| 041 | _aeng | ||
| 082 | _a823 SCH/COH | ||
| 100 |
_aSchmidt E _923843 |
||
| 245 | _aNew Digital Age : Reshaping The Future Of People Nations And Business | ||
| 260 |
_aLondon _bJohn Murray _c2013 |
||
| 300 | _a316p | ||
| 500 | _aArchitecture | ||
| 650 |
_aEnglish Literature _923844 |
||
| 700 |
_aCohen J _923845 |
||
| 999 |
_c15166 _d15166 |
||